| 000 | 00499nam a2200181Ia 4500 | ||
|---|---|---|---|
| 008 | 240729s9999 xx 000 0 und d | ||
| 022 | _a2333-7214 | ||
| 245 | 0 | _aGerontology and Geriatric Medicine | |
| 260 | _aUnited States | ||
| 260 | _bSAGE Publishing | ||
| 650 | _a Geriatrics | ||
| 650 | _a Internal medicine | ||
| 650 | _a Special situations and conditions | ||
| 650 | _aMedicine | ||
| 856 | _uhttps://doaj.org/toc/5b21595da2334b1b8ad258074f48871e | ||
| 942 | _2ddc | ||
| 942 | _cDOAJEJ | ||
| 999 |
_c67842 _d67842 |
||
| 945 |
_a1 _bMadushi Gamage _c1 _dMadushi Gamage |
||